More Water Than Land - World Map Sudden Death - Statistics

General Stats
  • This quiz has been taken 11,698 times
  • The average score is 31 of 34
Answers on the Grid
Answers color-coded by a green-red scale on the quiz's grid according to % correct below.
 
Answer Stats
Answer % Correct
98%
97%
97%
97%
97%
97%
97%
97%
97%
96%
96%
96%
96%
96%
96%
96%
96%
96%
96%
96%
95%
95%
94%
93%
90%
90%
89%
88%
86%
85%
84%
81%
69%
58%
No matching quizzes found
Score Distribution
Percent of People with Each Score
Percentile by Number Answered
Your Score History
You have not taken this quiz